000 00643nam a2200229Ia 4500
001 255
005 20251203123022.0
008 251203t2001||||xx |||||||||||||| ||spa||
020 _a9972401693
041 _aESP
082 _a869.56
_bG77
110 _aPeisa
245 0 _aGran biblioteca literatura peruana El Comercio :
_bNúmeros 1-2
260 _aLima :
_bPeisa,
_c2001
300 _a494 páginas :
_b
_c 21 cm.
_e
440 _a
_n
_v
505 _aContiene: Número 1: Un mundo para Julius; Número 2: Tradiciones peruanas.
650 _aLYR
653 _aLiteratura peruana - Siglo XX
654 _aCTP
942 _cLIB
_dJUS
_fMAT
_2ddc
_n
999 _c255
_d255